000 00706nab a2200193 4500
001 244442
003 OSt
005 20250423074446.0
007 tu
008 200917s2020|||||||
040 _aDE-2950
_cDE-2950
245 0 0 _a"Wir waren der krasse Außenseiter"
_bHandball. Vor 50 Jahren gewann der ASK Vorwärts Frankfurt den Europapokal der Landesmeister. Auf dem Weg zum Titel war ein Spiel entscheidend. Was der spätere Bundestrainer Heiner Brand damit zu tun hat/
_cHubertus Rößler
264 _c2024
653 _aFrankfurt (Oder)
653 _aHandball
653 _aASK Vorwärts
773 0 _g36. Jahrgang (2025) Nr. 87 vom 12.04.2025, S. 23 mit Foto
_tMärkische Oderzeitung
942 _2z
_cA
999 _c373723
_d373723